| 000 | 01159nam a22002657a 4500 | ||
|---|---|---|---|
| 999 |
_c64614 _d64614 |
||
| 005 | 20240530110740.0 | ||
| 008 | 180924s2013 ua ahk f b 000 0 ara d | ||
| 017 |
_a2013/7411 _bمصر. دار الكتب |
||
| 020 | _a9789774522299 | ||
| 040 |
_aEG-CaGPL _cEG-CaGPL |
||
| 082 | 0 | 4 |
_221 _a726.8 / _bق/ع ش |
| 100 | 0 | _aعلاء الدين عبدالعال عبدالحميد | |
| 245 | 1 | 0 |
_aشواهد القبور الايوبية المملوكية فى مصر / _cعلاء الدين عبدالعال عبدالحميد |
| 260 |
_aالاسكندرية : _bمكتبة الاسكندرية، _c2013. |
||
| 300 |
_a363 ص. : _bايض ؛ _c32 سم. |
||
| 490 | 0 |
_aسلسلة دراسات فى الخطوط ؛ _v15. |
|
| 504 | _aيشتمل على ارجاعات ببليوجرافية | ||
| 650 | 0 | 7 |
_2qrmak _aشواهد القبور |
| 650 | 0 | 7 |
_2qrmak _aالزخرفة الاسلامية |
| 650 | 0 | 7 |
_2qrmak _aالاثار الاسلامية _zمصر |
| 651 | 0 | 7 |
_2qrmak _aمصر _xتاريخ _yالعصر الايوبى |
| 651 | 0 | 7 |
_2qrmak _aمصر _xتاريخ _yعصر المماليك |
| 942 |
_2ddc _cBK |
||